Hệ thống hóa kiến thức & giới thiệu một số đề thi tốt nghiệp THPT tuyển sinh Đại học, Cao đẳng môn Sinh học

Quyển sách gồm hai phần: Phần một: Hệ thống hoá kiến thức trọng tâm trong ba chương: Di truyền học, Tiến hóa, Sinh thái học được trình bày một cách ngắn gọn, đầy đủ. Cung cấp các dạng toán thường gặp trong các đề thi. Phần hai: Giới thie...

Cijeli opis

Spremljeno u:
Bibliografski detalji
Glavni autor: Thiều, Văn Đường
Format: Knjiga
Jezik:Undetermined
Izdano: Hà Nội Giáo dục Việt Nam 2011
Teme:
Oznake: Dodaj oznaku
Bez oznaka, Budi prvi tko označuje ovaj zapis!
Thư viện lưu trữ: Trung tâm Học liệu Trường Đại học Cần Thơ
LEADER 01353nam a2200217Ia 4500
001 CTU_188050
008 210402s9999 xx 000 0 und d
020 |c 55000 
082 |a 570.712 
082 |b Đ561 
100 |a Thiều, Văn Đường 
245 0 |a Hệ thống hóa kiến thức & giới thiệu một số đề thi tốt nghiệp THPT tuyển sinh Đại học, Cao đẳng môn Sinh học 
245 0 |c Thiều Văn Đường 
260 |a Hà Nội 
260 |b Giáo dục Việt Nam 
260 |c 2011 
520 |a Quyển sách gồm hai phần: Phần một: Hệ thống hoá kiến thức trọng tâm trong ba chương: Di truyền học, Tiến hóa, Sinh thái học được trình bày một cách ngắn gọn, đầy đủ. Cung cấp các dạng toán thường gặp trong các đề thi. Phần hai: Giới thiệu một số đề thi tôt nghiệp THPT, tuyển sinh Đại học cao đẳng những năm gần đây, bổ sung một số đề thi tham khảo và đáp án. 
650 |a Biology,Sinh học 
650 |x Study and teaching (Secondary),Dạy và học (Trung học) 
910 |a Anh Đào,Hải 
980 |a Trung tâm Học liệu Trường Đại học Cần Thơ